| 000 | 00000nam##2200000za#4500 |
| 001 | 9.587616 |
| 003 | CaOODSP |
| 005 | 20210624194723 |
| 007 | cr ||||||||||| |
| 008 | 150406|2008||||xxc|||||o f|0| 0 fre|d |
| 022 | |a1701-1280 |
| 040 | |aCaOODSP|bfre |
| 041 | |aeng |
| 041 | |afre |
| 043 | |an-cn--- |
| 086 | 1 |aFs70-4/2008-006-PDF |
| 110 | 1 |aCanada. |bMinistère des pêches et des océans. |
| 245 | 10|aÉvaluations des stocks de crustacés de la région du Québec suivant la saison de pêche 2005 / |h[ressource électronique]|cCharley Cyr et Dominique Gascon, éditeurs. |
| 260 | |aOttawa - Ontario : |bPêches et Océans Canada |cAoût 2008. |
| 300 | |a53p.|bréférences, tableau |
| 490 | 1 |aSecrétariat canadien de consultation scientifique, série des comptes rendus|x1701-1280|v2008/006 |
| 500 | |a«24 janvier au 2 février 2006, Institut Maurice-Lamontagne». |
| 590 | |a11-27-Supp|b2011-11-15 |
| 791 | |tRegional crustaceans stock assessments of the 2005 fishing season in the Quebec region / |eeng|w(CaOODSP)9.587615 |
| 830 | #0|aCompte rendu (Secrétariat canadien de consultation scientifique)|x1701-1280|v2008/006|w(CaOODSP)9.500508 |
| 856 | 40|ahttp://publications.gc.ca|qPDF|s263 Ko|uhttps://publications.gc.ca/collections/collection_2011/mpo-dfo/Fs70-4-2008-006.pdf|y2008/006 |